| 000 | 00824nam a22002295a 4500 | ||
|---|---|---|---|
| 999 |
_c27040 _d27012 |
||
| 003 | EG-ScBUE | ||
| 005 | 20181223104019.0 | ||
| 008 | 181223s2019 ua frbl 000 0 ara d | ||
| 040 |
_aEG-ScBUE _bara _cEG-ScBUE _dEG-ScBUE |
||
| 043 | _af-ua--- | ||
| 082 | 0 | 4 |
_a342.62 _bس ا ل _222 |
| 100 | 1 | _aسالمان، عبد العزيز محمد. | |
| 245 | 1 | 0 |
_aموجز القانون الدستوري : _bالمبادئ العامة والدستوري المصري / _cعبد العزيز محمد سالمان. |
| 260 |
_a[د. م. : _bد. ن.]، _c2019. |
||
| 300 |
_a640 ص. ؛ _c24 سم. |
||
| 504 | _aيشتمل على إرجاعات ببليوجرافية. | ||
| 650 | 7 |
_aالقانون الدستوري _zمصر. _2BUEsh |
|
| 651 | _2BUEsh | ||
| 653 |
_bLLAAWW _cDecember2018 |
||
| 655 | _vReading book | ||
| 942 | _2ddc | ||